<?xml version="1.0" encoding="UTF-8"?>
<record
    xmlns:xsi="http://www.w3.org/2001/XMLSchema-instance"
    xsi:schemaLocation="http://www.loc.gov/MARC21/slim http://www.loc.gov/standards/marcxml/schema/MARC21slim.xsd"
    xmlns="http://www.loc.gov/MARC21/slim">

  <leader>02013nam a22003017a 4500</leader>
  <controlfield tag="001">113466</controlfield>
  <controlfield tag="003">DR-UNIBE</controlfield>
  <controlfield tag="005">20260423111547.0</controlfield>
  <controlfield tag="008">250422b2024    dr ||||| |||| 00| 0 spa d</controlfield>
  <datafield tag="020" ind1=" " ind2=" ">
    <subfield code="a">9789945251043 volumen I</subfield>
  </datafield>
  <datafield tag="020" ind1=" " ind2=" ">
    <subfield code="a">9789945251142 volumen II</subfield>
  </datafield>
  <datafield tag="040" ind1=" " ind2=" ">
    <subfield code="a">BIBLIOTECA UNIBE</subfield>
    <subfield code="b">spa</subfield>
    <subfield code="c">BIBLIOTECA UNIBE</subfield>
    <subfield code="e">rda</subfield>
  </datafield>
  <datafield tag="041" ind1=" " ind2=" ">
    <subfield code="a">spa</subfield>
  </datafield>
  <datafield tag="082" ind1=" " ind2=" ">
    <subfield code="2">22</subfield>
    <subfield code="a">RD 972.9303 R696v</subfield>
  </datafield>
  <datafield tag="100" ind1=" " ind2="0">
    <subfield code="a">Rodr&#xED;guez Morel, Genaro,</subfield>
    <subfield code="d">1955-</subfield>
    <subfield code="e">autor</subfield>
    <subfield code="e">cuidado de la edici&#xF3;n</subfield>
    <subfield code="9">83571</subfield>
  </datafield>
  <datafield tag="245" ind1="1" ind2="0">
    <subfield code="a">Visita y residencia hecha al gobernador don Antonio Osorio por Diego G&#xF3;mez de Sandoval : </subfield>
    <subfield code="b">1608 /</subfield>
    <subfield code="c">Genaro Rodr&#xED;guez Morel ; presentaci&#xF3;n: Frank Moya Pons; cuidado de edici&#xF3;n : Genaro Rodr&#xED;guez Morel ; presentaci&#xF3;n : Frank Moya Pons ; diagramaci&#xF3;n y dise&#xF1;o de portada : Yenifer De la Rosa ; &#xED;ndice onom&#xE1;stico, geogr&#xE1;fico y tem&#xE1;tico : Genaro Rodr&#xED;guez Morel</subfield>
  </datafield>
  <datafield tag="250" ind1=" " ind2=" ">
    <subfield code="a">Primera edici&#xF3;n</subfield>
  </datafield>
  <datafield tag="260" ind1=" " ind2=" ">
    <subfield code="a">Santo Domingo : </subfield>
    <subfield code="b">Archivo General de la Naci&#xF3;n  (AGN): </subfield>
    <subfield code="b">Academia Dominicana de la Historia : </subfield>
    <subfield code="b">Grupo Mall&#xE9;n, </subfield>
    <subfield code="c">2024</subfield>
  </datafield>
  <datafield tag="300" ind1=" " ind2=" ">
    <subfield code="a">tomos :</subfield>
    <subfield code="c">25 x 17 cm</subfield>
  </datafield>
  <datafield tag="490" ind1=" " ind2=" ">
    <subfield code="a"> Archivo General de la Naci&#xF3;n ;</subfield>
    <subfield code="v">504, 505</subfield>
  </datafield>
  <datafield tag="500" ind1=" " ind2=" ">
    <subfield code="a">Biblioteca tiene tomo I y II. Informaci&#xF3;n del autor en las solapas. Cubierta: documento facsimilar del expediente que recoge el juicio de residencai al gobernador de la Isla Espa&#xF1;ola</subfield>
  </datafield>
  <datafield tag="505" ind1=" " ind2=" ">
    <subfield code="a">Presentaci&#xF3;n |
Tomo I.
Archivo General de Indias Escriban&#xED;a de C&#xE1;mara N&#xBA; 11 (a) |
&#xCD;ndice onom&#xE1;stico |
&#xCD;ndice geogr&#xE1;fico|
&#xCD;ndice tem&#xE1;tico. 
Tomo II.
Archivo General de Indias Escriban&#xED;a de C&#xE1;mara N&#xBA; 11 (a)  No 1, pieza tercera
&#xCD;ndice onom&#xE1;stico |
&#xCD;ndice geogr&#xE1;fico|
&#xCD;ndice tem&#xE1;tico</subfield>
  </datafield>
  <datafield tag="600" ind1=" " ind2="7">
    <subfield code="a"> Osorio y Villegas, Antonio, </subfield>
    <subfield code="d">1543-1608</subfield>
    <subfield code="x">Cr&#xED;tica e interpretaci&#xF3;n</subfield>
    <subfield code="9">204280</subfield>
  </datafield>
  <datafield tag="651" ind1=" " ind2="7">
    <subfield code="a">Rep&#xFA;blica Dominicana </subfield>
    <subfield code="x">Historia</subfield>
    <subfield code="y"> &#xC9;poca colonial-1608</subfield>
    <subfield code="9">194451</subfield>
  </datafield>
  <datafield tag="700" ind1=" " ind2="0">
    <subfield code="a">Moya Pons, Frank, </subfield>
    <subfield code="q">(Moya Pons, Rafael Francisco),</subfield>
    <subfield code="d">1944-</subfield>
    <subfield code="e">presentador</subfield>
    <subfield code="9">199245</subfield>
  </datafield>
  <datafield tag="700" ind1="1" ind2="0">
    <subfield code="a"> De la Rosa, Yenifer</subfield>
    <subfield code="e">diagramador</subfield>
    <subfield code="e">dise&#xF1;ador de portada</subfield>
    <subfield code="9">84991</subfield>
  </datafield>
  <datafield tag="942" ind1=" " ind2=" ">
    <subfield code="2">ddc</subfield>
    <subfield code="c">BK</subfield>
  </datafield>
  <datafield tag="999" ind1=" " ind2=" ">
    <subfield code="c">113466</subfield>
    <subfield code="d">113466</subfield>
  </datafield>
  <datafield tag="952" ind1=" " ind2=" ">
    <subfield code="0">0</subfield>
    <subfield code="1">0</subfield>
    <subfield code="2">ddc</subfield>
    <subfield code="7">0</subfield>
    <subfield code="8">GEN-RD</subfield>
    <subfield code="a">Principal</subfield>
    <subfield code="d">2025-04-28</subfield>
    <subfield code="l">0</subfield>
    <subfield code="o">RD 972.9303 R696v</subfield>
    <subfield code="p">250458</subfield>
    <subfield code="r">2025-04-22 09:38:56</subfield>
    <subfield code="t">Vol. 1 Ej. 1</subfield>
    <subfield code="w">2025-04-22</subfield>
    <subfield code="y">BK</subfield>
  </datafield>
  <datafield tag="952" ind1=" " ind2=" ">
    <subfield code="0">0</subfield>
    <subfield code="1">0</subfield>
    <subfield code="2">ddc</subfield>
    <subfield code="7">0</subfield>
    <subfield code="8">GEN-RD</subfield>
    <subfield code="a">Principal</subfield>
    <subfield code="d">2025-04-28</subfield>
    <subfield code="l">0</subfield>
    <subfield code="o">RD 972.9303 R696v</subfield>
    <subfield code="p">250459</subfield>
    <subfield code="r">2025-04-22 09:38:56</subfield>
    <subfield code="t">Vol. 1 Ej.2</subfield>
    <subfield code="w">2025-04-22</subfield>
    <subfield code="y">BK</subfield>
  </datafield>
  <datafield tag="952" ind1=" " ind2=" ">
    <subfield code="0">0</subfield>
    <subfield code="1">0</subfield>
    <subfield code="2">ddc</subfield>
    <subfield code="7">0</subfield>
    <subfield code="8">GEN-RD</subfield>
    <subfield code="a">Principal</subfield>
    <subfield code="d">2025-04-28</subfield>
    <subfield code="l">0</subfield>
    <subfield code="o">RD 972.9303 R696v</subfield>
    <subfield code="p">250460</subfield>
    <subfield code="r">2025-04-22 09:51:10</subfield>
    <subfield code="t">Vol.2 Ej.1</subfield>
    <subfield code="w">2025-04-22</subfield>
    <subfield code="y">BK</subfield>
  </datafield>
  <datafield tag="952" ind1=" " ind2=" ">
    <subfield code="0">0</subfield>
    <subfield code="1">0</subfield>
    <subfield code="2">ddc</subfield>
    <subfield code="7">0</subfield>
    <subfield code="8">GEN-RD</subfield>
    <subfield code="a">Principal</subfield>
    <subfield code="d">2025-04-28</subfield>
    <subfield code="l">0</subfield>
    <subfield code="o">RD 972.9303 R696v</subfield>
    <subfield code="p">250461</subfield>
    <subfield code="r">2025-04-22 09:51:10</subfield>
    <subfield code="t">Vol.2 Ej.2</subfield>
    <subfield code="w">2025-04-22</subfield>
    <subfield code="y">BK</subfield>
  </datafield>
</record>
